ادارة النزاعات و الصراعات فى العمل / (Record no. 62463)
[ view plain ]
| 000 -الفاتح | |
|---|---|
| حقل البيانات ثابتة الطول | 01081nam a22002297a 4500 |
| 005 - وقت وتاريخ اخر تعامل مع التسجيلة | |
| رقم الضبط | 20240530110551.0 |
| 008 - عناصر البيانات ثابتة الطول - معلومات عامة | |
| حقل البيانات ثابتة الطول | 160719s2012 ua f b 000 0 ara d |
| 017 ## - رقم الايداع القانونى | |
| رقم الايداع القانونى | 2012/3489 |
| المصدر ( الهيئة المختصة) | مصر . دار الكتب المصرية |
| 020 ## - الرقم الدولى المعيارى للكتب | |
| الرقم الدولى المعيارى للكتاب | 9789776298835 |
| 040 ## - مصدر الفهرسة | |
| وكالة الفهرسة الأصلية | EG-CaGPL |
| 082 04 - رقم تصنيف ديوى العشرى | |
| رقم الطبعة | 21 |
| رقم التصنيف | 658.4095\ |
| رقم المادة | خ أ |
| 110 0# - المدخل الرئيسى - إسم هيئة | |
| اسم الهيئة أو اسم السلطة كمدخل | خبراء المجموعة العربية للتدريب و النشر |
| 245 10 - بيان العنوان | |
| العنوان | ادارة النزاعات و الصراعات فى العمل / |
| بيان المسئوليه,etc | اعداد خبراء المجموعة العربية للتدريب و النشر ؛ اشراف علمى محمود عبدالفتاح رضوان |
| 250 ## - بيان الطبعة | |
| بيان الطبعة | ط. 1 |
| 260 ## - PUBLICATION, DISTRIBUTION, ETC. (IMPRINT) | |
| تاريخ النشر أو التوزيع | 2012 . |
| 300 ## - الوصف المادى | |
| التعداد | 128 ص. ؛ |
| أبعاد الوعاء | 30 سم . |
| 490 0# - بيان السلسلة | |
| عنوان السلسلة | مهارات الموارد البشرية |
| 504 ## - تبصرة ببليوجرافية | |
| تبصرة ببليوجرافية,الخ | يشتمل على ارجاعات ببليوجرافية |
| 650 04 - المدخل الاضافى بالموضوع-مصطلح موضوعى | |
| مصطلح موضوعي | النزاعات الادارية |
| التقسيم الفرعي العام | تنظيم و ادارة |
| 700 0# - المدخل الاضافى - اسم شخصى | |
| الإسم الشخصى | محمود عبدالفتاح رضوان |
| الدور | مشرف |
| 942 ## - عناصر المدخل الإضافي( كوها) | |
| مصدر التصنيف او مخطط الترفيف | Dewey Decimal Classification |
| Koha [default] item type | كتاب |
| 260 ## - PUBLICATION, DISTRIBUTION, ETC. (IMPRINT) | |
| -- | القاهرة : |
| -- | المجموعة العربية للتدريب و النشر ، |
| حالة التراجع | حالة الفقد | حالة تلف | ليس للاعارة | المكان المؤقت | الموقع الحالى | تاريخ الاكتساب | اجمالي اﻻعارات | رقم الطلب | الباركود | تاريخ اخر مشاهدة | تاريخ تفعيل السعر | نوع وعاء كوها |
|---|---|---|---|---|---|---|---|---|---|---|---|---|
| مكتبة القاهرة الكبرى | مكتبة القاهرة الكبرى | 07/19/2016 | 658.4095\ خ أ | 162208 | 07/19/2016 | 07/19/2016 | كتاب |

